Giải quyết việc làm cho lao động thanh niên tỉnh Quảng Bình
Vấn đề liên quan như việc làm, thất nghiệp, thanh niên; sự cần thiết phải giải quyết việc làm cho lao động thanh niên trong thời kỳ công nghiệp hóa, hiện đại hóa; những nhân tố ảnh hưởng đến giải quyết việc làm cho lao động thanh niên. Nghiên cứu phân tích, đánh giá thực trạng việc làm và giải quyết...
محفوظ في:
| المؤلف الرئيسي: | |
|---|---|
| مؤلفون آخرون: | |
| التنسيق: | كتاب |
| اللغة: | Vietnamese |
| منشور في: |
Đà Nẵng
Đại học Sư phạm, Đại học Đà Nẵng
2012
|
| الموضوعات: | |
| الوسوم: |
إضافة وسم
لا توجد وسوم, كن أول من يضع وسما على هذه التسجيلة!
|
| Thư viện lưu trữ: | Mạng thư viện Đại học Đà Nẵng |
|---|
| LEADER | 02044nam a2200349 4500 | ||
|---|---|---|---|
| 001 | 000016739 | ||
| 003 | 13143 | ||
| 005 | 20121225141244.0 | ||
| 008 | 121221s2012 viesd | ||
| 041 | 0 | |a vie | |
| 082 | |a 331.11 |b NG-T | ||
| 100 | 0 | |a Nguyễn Văn Thoan |e Tác giả | |
| 245 | 0 | |a Giải quyết việc làm cho lao động thanh niên tỉnh Quảng Bình |c Nguyễn Văn Thoan | |
| 260 | |a Đà Nẵng |b Đại học Sư phạm, Đại học Đà Nẵng |c 2012 | ||
| 300 | |a 73 tr. |c 29 cm. |e Đĩa CD | ||
| 500 | |a Khóa luận tốt nghiệp đại học. Chuyên ngành: Sư phạm Giáo dục chính trị | ||
| 504 | |a Mục lục đầu trang, tài liệu tham khảo tr.72 - 73 | ||
| 520 | |a Vấn đề liên quan như việc làm, thất nghiệp, thanh niên; sự cần thiết phải giải quyết việc làm cho lao động thanh niên trong thời kỳ công nghiệp hóa, hiện đại hóa; những nhân tố ảnh hưởng đến giải quyết việc làm cho lao động thanh niên. Nghiên cứu phân tích, đánh giá thực trạng việc làm và giải quyết việc làm cho lao động thanh niên ở tỉnh Quảng Bình từ 2007 – 2011. Nêu những phương hướng cơ bản và giải pháp chủ yếu nhằm giải quyết có hiệu quả vấn đề việc làm cho lao động thanh niên Quảng Bình. | ||
| 650 | |a Khóa luận tốt nghiệp đại học | ||
| 650 | |a Giáo dục chính trị | ||
| 653 | |a Khoa Giáo dục chính trị | ||
| 700 | |a Nguyễn Thị Hương |c Th.S |e Hướng dẫn | ||
| OWN | |a LSP | ||
| AVA | |a UDN50 |b LSP |d 331.11 NG-T |e available |t Error 5001 Not defined in file expand_doc_bib_avail. |f 1 |g 0 |h N |i 0 |k 1 | ||
| 999 | |a From the UDN01 | ||
| AVA | |a UDN50 |b LSP |d 331.11 NG-T |e available |t Error 5001 Not defined in file expand_doc_bib_avail. |f 1 |g 0 |h N |i 0 |k 1 | ||
| TYP | |a Monograph | ||
| TYP | |a Printed language | ||
| 980 | |a Mạng thư viện Đại học Đà Nẵng | ||